European Countries with a City Over 1 Million People - Statistics

General Stats
  • This quiz has been taken 303 times
  • The average score is 24 of 26
Answer Stats
# Country % Correct
5 Spain
100%
5 France
99%
10 Germany
99%
9 Russia
99%
10 United Kingdom
99%
4 Italy
98%
2 Netherlands
97%
1 Finland
96%
1 Norway
96%
2 Poland
96%
2 Portugal
96%
1 Sweden
96%
1 Greece
95%
2 Belgium
94%
1 Romania
94%
5 Ukraine
94%
1 Austria
92%
1 Bulgaria
92%
1 Denmark
92%
1 Hungary
92%
1 Czech Republic
91%
1 Serbia
91%
1 Belarus
88%
1 Switzerland
88%
1 Ireland
87%
1 Turkey
79%
No matching quizzes found
Score Distribution
Percent of People with Each Score
Percentile by Number Answered
Your Score History
You have not taken this quiz